| 000 | 00414nam a22001457a 4500 | ||
|---|---|---|---|
| 003 | OSt | ||
| 020 | _a0965510999 | ||
| 040 | _c0 | ||
| 082 |
_222 _a005 |
||
| 100 | _aDamany, Supama and Jack, Bellis. | ||
| 245 |
_aIt's not corpal tunnel syndrome : _bRSI theory and therapy for computer professionals / |
||
| 260 |
_aUSA, _bSuparna Damany and jack Bellis, _cc2000. |
||
| 300 |
_axii, 231 p. ; _bill. ; |
||
| 942 |
_2ddc _cIT |
||
| 999 |
_c4483 _d4483 |
||